| 000 | 00652nam a2200193 4500 | ||
|---|---|---|---|
| 001 | 4854 | ||
| 005 | 20230410143538.0 | ||
| 008 | 060907n1999 dr spa | ||
| 020 | _a026269199X | ||
| 035 | _9funglode4895 | ||
| 041 | _aEN | ||
| 050 | 1 | 4 | _aT 58.5 H638 1999 |
| 100 | _aSchon, Donald A. | ||
| 245 | 1 |
_aHigh technology and low-income communities : _bprospects for the positive use of advanced information technology / _cedited by Donald A. Schon, Bish Sanyal and William J. Mitchell |
|
| 260 |
_aCambridge : _bThe MIT Press, _c1999 |
||
| 300 | _axvii, 411 p. | ||
| 700 | _aSanyal, Bish / Mitchell, William J. | ||
| 942 |
_2lcc _cbk |
||
| 999 |
_c103628 _d103628 |
||